|
|
|
|
| LEADER |
01481nam a2200289 a 4500 |
| 001 |
0015889 |
| 003 |
BD-DhAAL |
| 008 |
090723s2002 enk 000 1 eng d |
| 020 |
|
|
|a 0330487124 :
|c Đ7.99
|
| 020 |
|
|
|a 9780330487122
|
| 020 |
|
|
|a 9780195676556
|
| 040 |
|
|
|d Uk
|d BD-DhAAL
|
| 082 |
0 |
0 |
|a 823.914
|2 21
|
| 100 |
1 |
|
|a Naipaul, V. S.
|q (Vidiadhar Surajprasad),
|d 1932-
|9 5736
|
| 245 |
1 |
4 |
|a The mystic masseur ; &, Miguel Street /
|c V.S. Naipaul..
|
| 260 |
|
|
|a London :
|b Picador,
|c 2002.
|
| 300 |
|
|
|a 208, 179 p. ;
|c 20 cm
|
| 500 |
|
|
|a The mystic masseur originally published: London : Deutsch, 1957 - Miguel Street originally published: London : Deutsch, 1959.
|
| 526 |
|
|
|a ENH
|x Prof. Syed Manzoorul Islam
Faculty Member of BRAC University
|
| 541 |
1 |
|
|e 00015889
|a Friends' Book Corner
|
| 650 |
|
0 |
|a East Indians
|z Trinidad and Tobago
|v Fiction.
|9 58309
|
| 651 |
|
0 |
|a Trinidad and Tobago
|x Social life and customs
|v Fiction.
|9 58310
|
| 852 |
4 |
|
|a Ayesha Abed Library
|c General Stacks
|
| 942 |
|
|
|2 ddc
|c BK
|
| 999 |
|
|
|c 8467
|d 8467
|
| 952 |
|
|
|0 0
|1 0
|2 ddc
|4 0
|6 823_914000000000000_NAI_2002
|7 0
|9 9967
|a BRACUL
|b BRACUL
|c GEN
|d 2010-05-10
|l 7
|m 125
|o 823.914 NAI
|p 3010015889
|r 2026-03-07
|s 2025-09-24
|t 1
|w 2010-05-10
|y BK
|
| 952 |
|
|
|0 0
|1 0
|2 ddc
|4 0
|6 823_914000000000000_NAI_2002
|7 0
|9 9969
|a BRACUL
|b BRACUL
|c GEN
|d 2010-05-10
|e Friends' Book Corner
|g 650.00
|l 10
|m 37
|o 823.914 NAI
|p 3010017163
|r 2025-11-30
|s 2025-10-16
|t 2
|w 2010-05-10
|y BK
|x Requisitioned by Prof. Syed Manzoorul Islam (Faculty Member of BRAC University).
|